| 000 | 00326 a2200133 4500 | ||
|---|---|---|---|
| 001 | 64490 | ||
| 082 | _a621.38222 RUS | ||
| 090 |
_c38117 _d38117 |
||
| 100 | _aRusser P | ||
| 245 |
_aElectromagnatics, Micwave circuit and antenna _hEnglsih |
||
| 250 | _a2 | ||
| 260 |
_aBoston _bArtech house _c2006 |
||
| 300 | _axx, 729p. | ||
| 942 |
_aNUST CAE _k621.38222 RUS |
||
| 999 |
_c299563 _d299563 |
||